000 00588nam a2200205Ia 4500
003 OSt
005 20251120115140.0
008 220917b |||||||| |||| 00| 0 eng d
037 _cTB
040 _aARTS
_cARTS
_beng
041 _2eng
_aeng
084 _aT9(Y4) H9;K2
_qAL
100 _aSuper, Doanld E
_9140122
245 0 _aAppraising vocational fitness:
_b by means of psychological tests
260 _c1962
650 _aEDUCATION
_9852553
700 _a Crites, John O
_9852554
942 _hT:87 H9;K2-;15
_cTB
_2CC
_n0
999 _c272077
_d272077